Central Library OPAC University of Rajshahi

The English Utilitarians / (Record no. 36182)

MARC details
000 -LEADER
fixed length control field 00629cam a2200229 a 4500
001 - CONTROL NUMBER
control field 36182
003 - CONTROL NUMBER IDENTIFIER
rucl marc code BD-RjUL
005 - DATE AND TIME OF LATEST TRANSACTION
control field 20211209052439.0
008 - FIXED-LENGTH DATA ELEMENTS--GENERAL INFORMATION
fixed length control field 140617r19661958enk 000 0 eng u
035 ## - SYSTEM CONTROL NUMBER
System control number (BD-RjUL)36279
040 ## - CATALOGING SOURCE
Original cataloging agency BD-RjUL
Language of cataloging eng
Transcribing agency BD-RjUL
041 ## - LANGUAGE CODE
Language code of text/sound track or separate title eng
082 ## - DEWEY DECIMAL CLASSIFICATION NUMBER
Classification number 320.1
Author mark and year PLE 1966
090 ## - LOCALLY ASSIGNED LC-TYPE CALL NUMBER (OCLC); LOCAL CALL NUMBER (OCLC)
Classification number (OCLC) (R) ; Classification number, CALL (RLIN) (NR) B1571
Local cutter number (OCLC) ; Book number/undivided call number, CALL (RLIN) .P56 1958
100 1# - MAIN ENTRY--PERSONAL NAME
Personal name Plamenatz, J. P.
Fuller form of name (John Petrov).
9 (RLIN) 109456
245 14 - TITLE STATEMENT
Title The English Utilitarians /
Statement of responsibility, etc. by John Plamenatz.
250 ## - EDITION STATEMENT
Edition statement 2nd rev ed, /
260 ## - PUBLICATION, DISTRIBUTION, ETC. (IMPRINT)
Place of publication, distribution, etc. Oxford :
Name of publisher, distributor, etc. Basil Blackwell,
Date of publication, distribution, etc. 1966
300 ## - PHYSICAL DESCRIPTION
Pagination vii, 192 p ;
Size 20 cm.
650 #0 - SUBJECT ADDED ENTRY--TOPICAL TERM
Topical term or geographic name as entry element Utilitarianism.
9 (RLIN) 110113
942 ## - ADDED ENTRY ELEMENTS (KOHA)
Source of classification or shelving scheme Dewey Decimal Classification
Koha item type Books
Holdings
Lost status Source of classification or shelving scheme Damaged status Not for loan Collection code Permanent Location Current Location Shelving location Date acquired Source of acquisition Cost, normal purchase price Total Checkouts Full call number Date last seen Copy number Koha item type
  Dewey Decimal Classification     Non-fiction Central Library, University of Rajshahi Central Library, University of Rajshahi   11/03/1967 SWEET & ZETTINGERS 25.00   320.1 PLE 1966 17/06/2014 C-6 Books
  Dewey Decimal Classification     Non-fiction Central Library, University of Rajshahi Central Library, University of Rajshahi   11/03/1967 SWEET & ZETTINGERS 25.00   320.1 PLE 1966 17/06/2014 C-10 Books
  Dewey Decimal Classification     Non-fiction Central Library, University of Rajshahi Central Library, University of Rajshahi   12/01/1965 zeetlinger 21.00   320.1 PLE 1958 17/06/2014 C-5 Books
  Dewey Decimal Classification     Non-fiction Central Library, University of Rajshahi Central Library, University of Rajshahi   21/01/1965 zeetlinger 21.00   320.1 PLE 1958 17/06/2014 C-4 Books
  Dewey Decimal Classification     Non-fiction Central Library, University of Rajshahi Central Library, University of Rajshahi   12/01/1965 Zeitlinger 21.00   320.1 PLE 1966 29/05/2016 C-2 Books
  Dewey Decimal Classification   Not For Loan Non-fiction Central Library, University of Rajshahi Central Library, University of Rajshahi Reading Room 05/01/1965 Zeitlinger 21.00   320.1 PLE 1958 21/01/2017 C-1 Books